LEADER 01184nam a2200289 i 4500 001 000000125554 003 CaOOAMICUS 005 20051109000000.0 008 051109s1974 it u000 u ita u 013 $a98255 040 $aSeMil$bita 100 1 $aMc Carthy, Mary.$0(OLS)http://semarc/name/52155 240 14$aThe Stones of Florence. Venice Observed.$0(OLS)http://semarc/title/184905 245 13$aLe pietre di Firenze e le acque di Venezia /$cMary Mc Carthy. 260 $aFirenze :$bVallecchi,$ccopyr. 1974. 300 $a297 p. ;$c23 cm. 490 0 $aLetteratura Vallecchi 500 $aFondo Ciprandi. 650 4$aFirenze - Descrizioni e viaggi.$0(OLS)http://semarc/subject/16230 650 4$aVenezia - Descrizioni e viaggi.$0(OLS)http://semarc/subject/24424 830 0$aLetteratura Vallecchi.$0(OLS)http://semarc/title/19419 850 $aSeMil 852 $aSeMil$W1$xVenegono$y1$m1W IV 297$j79983$B79983$CSeMilBibl$Z2$F105426 $81 941 1 $a1 961 $aOmaggio: Ciprandi dott. Paolo 996 $6245$aLe pietre di Firenze e le acque di Venezia$9(OLS)http://semarc/title/184904 996 $6260$aFirenze :$bVallecchi$9(OLS)http://semarc/publisher/29768 LEADER 02090nam a2200265 i 4500 001 000000193758 003 CaOOAMICUS 005 20230928124045.0 008 170214s1671 it u000 u lat u 026 $am,n- exi- reus aqpe (3) 1671 (A) 040 $aSeMil$bita 100 1 $aBiffi, Girolamo,$d.$0(OLS)http://semarc/name/93768 245 10$aGloriosa nobilitas illustrissimae familiae Vicecomitum, quam testatam fecit iudicium nobilissimi collegij iurisperitorum inclytae ciuitatis Mediolani, ... unà cum diplomatibus, publicisque tabulis, quas excellentissimus Mediolani senatus regijs literis marchioni Theobaldo scriptis idibus Aprilis 1668., & idem ordo iurisperitorum quinto Kalendas Martij 1669. comprobarunt; quae omnia collegit, & ad perennem gloriam huius clarissimae familiae vulganda curavit Hieronymus Biffius, ... 264 1$aMediolani :$bEx Typographia Ludovici Montiae,$c1671. 300 $a[8], 216, [8] p., [3] carte di tav. di cui 2 ripieg. :$bantip. calcogr., 1 ritr., 1 c. geneal. ;$c4°. 500 $aSegn.: ?4 A-2D4 chi1 a4(-a4). - La chi1 contiene l'errata 500 $aStemma di Teobaldo Visconti sull'antip. 500 $aFregio xilogr. sul front. 500 $aFregi, iniz. xilogr. 700 1 $aMonza, Lodovico,$c.$0(OLS)http://semarc/name/19554 850 $aSeMil 852 $aSeMil$W1$xVenegono$y1$m3O V 43 FA$j144332$B144332$CSeMilBibl$Z2$F215970 $8I 996 $6245$aGloriosa nobilitas illustrissimae familiae Vicecomitum, quam testatam fecit iudicium nobilissimi collegij iurisperitorum inclytae ciuitatis Mediolani, ... unà cum diplomatibus, publicisque tabulis, quas excellentissimus Mediolani senatus regijs literis marchioni Theobaldo scriptis idibus Aprilis 1668., & idem ordo iurisperitorum quinto Kalendas Martij 1669. comprobarunt; quae omnia collegit, & ad perennem gloriam huius clarissimae familiae vulganda curavit Hieronymus Biffius, ...$9(OLS)http://semarc/title/409258 996 $6264$aMediolani :$bEx Typographia Ludovici Montiae$9(OLS)http://semarc/publisher/56098